[Event "BL 2016-17"]
[Site "Jenbach"]
[Date "2017.04.22"]
[Round "11"]
[White "Sandhoefner, Florian"]
[Black "Nisipeanu, Liviu-Dieter"]
[Result "1/2-1/2"]
[WhiteElo "2255"]
[BlackElo "2680"]
[Annotator "TA"]
[PlyCount "123"]
[EventDate "2017.??.??"]
[EventCountry "AUT"]
[SourceTitle "playchess.com"]
[Source "ChessBase"]
[SourceQuality "1"]
[WhiteTeam "St. Valentin"]
[BlackTeam "Jenbach"]

{[%evp 9,123,33,102,12,12,2,12,3,14,-6,11,21,55,35,36,25,25,-6,-6,-6,-6,-6,-8,-6,-16,-59,-51,-60,0,0,0,0,8,0,0,0,33,0,0,-26,-28,-59,-73,-67,-55,-125,-110,-136,-139,-143,-136,-162,-143,-191,-189,-186,-179,-212,-211,-210,-202,-198,-210,-198,-202,-196,-195,-181,-174,-174,-174,-174,-174,-182,-169,-196,-189,-129,-120,-166,-134,-263,-263,-263,-263,-263,-263,-252,-226,-350,-380,-391,-354,-365,-339,-315,0,0,8,0,0,-8,-8,-8,-8,-8,-8,-8,-8,-8,-8,-8,-8,-8,-8,-358]} 1. d4 Nf6 2. c4 e6 3. Nc3 Bb4 4. Qc2 b6 5. e4 c5 6. dxc5 {E32: Nimzo-Indian: Classical (4 Qc2): 4...0-0} ({White should play} 6. e5 $1 $16) (6. d5 Qe7 7. Nge2 exd5 8. exd5 d6 9. Bd2 O-O 10. O-O-O Ng4 11. Re1 Nxf2 12. Rg1 Nd7 13. Nd4 Qxe1+ 14. Bxe1 cxd4 {0-1 (42) Bocharov,D (2611)-Tomashevsky,E (2724) Novosibirsk 2016}) 6... Bb7 $11 7. Bd3 Bxc5 8. Nf3 Nc6 9. a3 Qb8 10. Bg5 h6 $146 (10... Ng4 11. Bh4 O-O 12. Bg3 Bd6 13. e5 Ncxe5 14. Bxh7+ Kh8 15. O-O-O f5 {1-0 (66) Siebrecht,S (2405)-Postny,E (2555) Bad Woerishofen 2005}) 11. Bh4 Nd4 12. Nxd4 Bxd4 13. O-O Be5 14. Bg3 Bxg3 15. hxg3 Qe5 16. Rad1 h5 17. f4 Qc5+ 18. Qf2 Ng4 (18... Qxf2+ $15 19. Rxf2 d6) 19. Qxc5 bxc5 20. Rd2 Ke7 21. Be2 a5 22. Re1 Bc6 23. Bf3 Rab8 24. e5 Rhc8 25. Bxc6 Rxc6 26. Nb5 f6 27. a4 (27. Red1 $15 Rd8 28. exf6+ gxf6 29. Re1) 27... fxe5 $17 28. fxe5 Rf8 29. b3 Rb6 30. Rde2 Rbb8 31. Re4 Rf5 $1 32. R4e2 Rbf8 33. Nd6 Rxe5 $1 34. Rxe5 Nxe5 $19 {[%mdl 4096] Endgame KRN-KRN} 35. Nb7 Nd3 36. Re3 Rb8 $1 37. Nxa5 Nb4 38. Re5 Kd6 39. Rxh5 Nc6 40. Nxc6 Kxc6 {KR-KR} 41. Rg5 Rxb3 42. Rxg7 Rb4 $1 43. Rg4 ({Better is} 43. g4 $19) 43... Rxa4 44. Rf4 Kd6 45. g4 (45. Re4 $17 {was necessary.}) 45... e5 $1 {[%cal Re5f4]} 46. Re4 Ke6 47. Kf2 d6 {[%cal Bd7d6,Bd6d5][%mdl 32]} 48. Kg3 Kf6 49. Kh4 {[#]} (49. Kf3 $142) 49... d5 $1 {[%mdl 512]} 50. g5+ (50. cxd5 Rxe4) 50... Kf5 51. Re1 d4 $1 (51... dxc4 52. g4+ Kf4 53. g6 $17) (51... Rxc4+ 52. Kh5 Rc3 53. Rf1+ Ke6 54. Rf6+ Ke7 55. Rf5 $15) 52. g4+ {[#]} Ke6 $2 (52... Kf4 $1 $19 {Threatens to win with ...Ra7.} 53. g6 Ra8 54. Rf1+ Ke3) 53. g6 $11 {The position is equal.} d3 ({Wrong is} 53... Rxc4 $2 54. Rf1 Ke7 55. g7 $18) (53... Kf6 $5 54. Kh5 $8 Ra8 55. Rf1+ Kg7 $11) 54. Kg5 Ra8 (54... Ra7 55. Kh6 Kd6 56. g7 (56. Rd1 e4 $11) 56... Rxg7 57. Kxg7) (54... Rxc4 $5 55. Rf1 $8 {[#]} (55. Rd1 $2 Rd4 56. Rf1 Rd8 57. Rf6+ Kd5 $19) 55... Rf4 $1 {[%mdl 512]} 56. Rxf4 exf4 $11) 55. Rf1 e4 {Hoping for ...Ke5.} 56. g7 $1 {And now Rf8 would win.} Rg8 57. Kf4 Rxg7 {aiming for ...Rf7+.} 58. Kxe4 d2 59. Ke3 Rxg4 60. Kxd2 Rxc4 61. Rf8 Ke5 62. Ke1 $2 {[%mdl 40960] An unexpected result.} (62. Re8+ $11 Kd6 63. Rg8) 1/2-1/2

[Event "BL 2016-17"]
[Site "Jenbach"]
[Date "2017.04.22"]
[Round "11"]
[White "de Francesco, Klaus"]
[Black "Halvax, Georg"]
[Result "0-1"]
[WhiteElo "2227"]
[BlackElo "2429"]
[Annotator "TA"]
[PlyCount "76"]
[EventDate "2017.??.??"]
[EventCountry "AUT"]
[SourceTitle "playchess.com"]
[Source "ChessBase"]
[SourceQuality "1"]
[WhiteTeam "Absam"]
[BlackTeam "Maria Saal"]

{[%evp 13,76,42,47,26,30,29,35,19,21,-7,0,-8,-9,-11,12,-48,-52,-67,-47,-69,-80,-80,-66,-70,-52,-63,-60,-61,-54,-69,-53,-83,-82,-87,-88,-137,-119,-189,-94,-102,-80,-128,-81,-85,-15,-43,-43,-180,-175,-238,-240,-247,-250,-279,-304,-312,-297,-317,-300,-602,-570,-635,-632,-611,-612]} 1. d4 d6 2. e4 Nf6 3. Nc3 e5 4. dxe5 dxe5 5. Qxd8+ Kxd8 6. Bc4 Ke8 7. Nf3 Bd6 8. h3 {B07: Pirc Defence: Miscellaneous Systems} (8. Bg5 c6 9. O-O-O Bc7 10. Bxf6 gxf6 11. Nh4 Be6 12. Bxe6 fxe6 13. Rd3 Nd7 14. Rhd1 Rd8 15. Ne2 Rg8 16. Rh3 Kf7 {½-½ (70) Vachier Lagrave,M (2762)-Jobava,B (2713) Dubai 2014}) 8... a6 9. a3 b5 10. Bd3 $146 {White is slightly better.} (10. Bb3 Bb7 11. O-O Nbd7 12. Re1 Nc5 13. Bd5 Nxd5 14. exd5 f6 15. Nd4 Kf7 {½-½ (51) Schulenburg,B (2220)-Roesch,A (2354) Germany 2001}) 10... Bb7 11. Nh4 g6 12. O-O Nbd7 13. Re1 h6 14. b4 (14. Be3 $11) 14... c5 $15 15. Rb1 Kf8 16. g3 Kg7 17. Ng2 Rac8 18. Bd2 Rhe8 19. f3 Nf8 {[%cal Bd7f8,Bf8e6,Be6c7,Bc7d5][%mdl 32]} 20. Ne3 Ne6 21. Kg2 Red8 22. Ncd5 c4 {[%cal Bc5c4,Bc4c3][%mdl 32]} 23. Bf1 Nxd5 24. exd5 Nc7 25. Ng4 {[#]} (25. Bc3 $17) 25... f5 ({Weaker is} 25... Bxd5 26. Bxh6+ Kh8 27. Bg5 $14 (27. Nxe5 Bxe5 28. Rxe5 Ne6 $14)) (25... h5 $1 $19 {[%cal Rh5g4] has better winning chances.} 26. Ne3 f5) 26. Nxe5 $17 Nxd5 27. Kh2 c3 28. Bc1 f4 (28... Nf6 $17 {Threatens to win with ...Bxe5.} 29. Bg2 Bd5) 29. gxf4 Rf8 $36 {[%mdl 2048] Black has good play.} 30. Bg2 {[#]} (30. Nd3 $15) 30... Rce8 $1 $19 ({Don't take} 30... Nxf4 31. Bxf4 Rxf4 32. Rbd1 $17) 31. Rd1 (31. Kg3 {was called for.}) 31... Bxe5 32. fxe5 Rxe5 33. a4 Re2 ({Resist} 33... bxa4 34. b5 $19) 34. axb5 axb5 {Strongly threatening ...Rxf3.} 35. Ra1 {intending Ra7.} Rxc2 {And now ...Rxf3 would win.} 36. Ra7 $2 (36. Kg1) 36... Rf7 {Black is clearly winning.} 37. Kg1 Nxb4 38. Be3 {[#]} Rxg2+ $1 0-1

[Event "BL 2016-17"]
[Site "Jenbach"]
[Date "2017.04.22"]
[Round "11"]
[White "Kuntner, Reinhard"]
[Black "Steiner, Adam"]
[Result "1/2-1/2"]
[WhiteElo "2021"]
[BlackElo "2220"]
[Annotator "ChessBase"]
[PlyCount "144"]
[EventDate "2017.??.??"]
[EventCountry "AUT"]
[SourceTitle "playchess.com"]
[Source "ChessBase"]
[SourceQuality "1"]
[WhiteTeam "Nickelsdorf"]
[BlackTeam "Wien-SK Ottakring"]
[TimeControl "40/5400+30:1800+30"]

1. c4 {[%emt 0:00:00]} e5 {[%emt 0:00:06]} 2. Nc3 {[%emt 0:00:00]} Nf6 {[%emt 0:00:07]} 3. e4 {[%emt 0:03:08]} Bc5 {[%emt 0:04:00]} 4. h3 {[%emt 0:00:30]} O-O {[%emt 0:02:44]} 5. Nf3 {[%emt 0:02:06]} Re8 {[%emt 0:03:02]} 6. d3 {[%emt 0:00:51]} h6 {[%emt 0:04:37]} 7. g4 {[%emt 0:11:45]} Nh7 {[%emt 0:24:34]} 8. h4 {[%emt 0:06:02]} d5 {[%emt 0:02:03]} 9. g5 {[%emt 0:12:32]} d4 {[%emt 0:04:00]} 10. Nb1 {[%emt 0:09:48]} h5 {[%emt 0:04:45]} 11. Rg1 {[%emt 0:05:16]} g6 {[%emt 0:00:30]} 12. Be2 {[%emt 0:00:13]} Kg7 {[%emt 0:05:26]} 13. Nh2 {[%emt 0:01:46]} Rh8 {[%emt 0:00:27]} 14. Nd2 {[%emt 0:08:45]} Nc6 {[%emt 0:05:26]} 15. a3 {[%emt 0:02:17]} a5 {[%emt 0:00:04]} 16. Ndf1 {[%emt 0:00:05]} Nf8 {[%emt 0:13:48]} 17. Ng3 {[%emt 0:00:12]} Ne6 {[%emt 0:01:37]} 18. Bxh5 {[%emt 0:06:51]} gxh5 {[%emt 0:00:03]} 19. g6 {[%emt 0:00:12]} f6 {[%emt 0:11:12]} 20. Nf5+ {[%emt 0:08:20]} Kg8 {[%emt 0:00:33]} 21. Nh6+ {[%emt 0:01:24]} Rxh6 {[%emt 0:04:52]} 22. Bxh6 {[%emt 0:00:05]} Ng7 {[%emt 0:00:02]} 23. Bxg7 {[%emt 0:00:35]} Kxg7 {[%emt 0:00:02]} 24. Qxh5 {[%emt 0:00:12]} Qh8 {[%emt 0:00:01]} 25. Qxh8+ {[%emt 0:00:22]} Kxh8 {[%emt 0:00:01]} 26. h5 {[%emt 0:00:47]} Bf8 {[%emt 0:01:29]} 27. Ke2 {[%emt 0:05:09]} Bh6 {[%emt 0:00:13]} 28. Kf3 {[%emt 0:00:51]} a4 {[%emt 0:02:51]} 29. Rab1 {[%emt 0:01:31]} Na5 {[%emt 0:00:26]} 30. g7+ {[%emt 0:03:29]} Bxg7 {[%emt 0:00:53]} 31. Rg6 {[%emt 0:00:01]} Kh7 {[%emt 0:04:49]} 32. Rbg1 {[%emt 0:00:45]} Bh8 {[%emt 0:00:30]} 33. Rg8 {[%emt 0:01:31]} b6 {[%emt 0:00:54]} 34. R1g3 {[%emt 0:02:08]} f5 {[%emt 0:00:27]} 35. R8g6 {[%emt 0:04:20]} fxe4+ {[%emt 0:00:07]} 36. Kxe4 {[%emt 0:02:07]} Bb7+ {[%emt 0:00:13]} 37. Kf5 {[%emt 0:00:21]} Rf8+ {[%emt 0:00:33]} 38. Kg5 {[%emt 0:01:19]} Bg7 {[%emt 0:01:15]} 39. Ng4 {[%emt 0:01:13]} Nc6 40. h6 {[%emt 0:00:00]} Bh8 {[%emt 0:00:53]} 41. Nf6+ {[%emt 0:05:04]} Bxf6+ {[%emt 0:00:08]} 42. Rxf6 {[%emt 0:00:01]} Nd8 {[%emt 0:13:56]} 43. Rxf8 {[%emt 0:02:05]} Ne6+ {[%emt 0:00:00]} 44. Kf6 {[%emt 0:00:15]} Nxf8 {[%emt 0:00:02]} 45. Kxe5 {[%emt 0:00:33]} Kxh6 {[%emt 0:01:49]} 46. Kxd4 {[%emt 0:05:18]} Ng6 {[%emt 0:00:20]} 47. Kc3 {[%emt 0:01:24]} Kg7 {[%emt 0:01:33]} 48. d4 {[%emt 0:00:17]} Kf6 {[%emt 0:00:31]} 49. Re3 {[%emt 0:00:56]} Ne7 {[%emt 0:01:13]} 50. d5 {[%emt 0:02:14]} Bc8 {[%emt 0:01:06]} 51. Re1 {[%emt 0:01:36]} Bd7 {[%emt 0:01:06]} 52. Kb4 {[%emt 0:03:06]} c5+ {[%emt 0:05:53]} 53. dxc6 {[%emt 0:02:48]} Bxc6 {[%emt 0:00:04]} 54. b3 {[%emt 0:05:19]} axb3 {[%emt 0:00:49]} 55. Kxb3 {[%emt 0:00:05]} Nf5 {[%emt 0:02:16]} 56. Kc3 {[%emt 0:00:34]} Nd6 {[%emt 0:01:46]} 57. Kb4 {[%emt 0:00:11]} Nb7 {[%emt 0:00:44]} 58. Kc3 {[%emt 0:02:54]} Nc5 {[%emt 0:00:08]} 59. Rb1 {[%emt 0:02:21]} Ke5 {[%emt 0:00:27]} 60. Rg1 {[%emt 0:01:22]} Be4 {[%emt 0:02:58]} 61. Kb4 {[%emt 0:01:12]} Kd4 {[%emt 0:02:27]} 62. Rg5 {[%emt 0:00:55]} Nd3+ {[%emt 0:00:59]} 63. Kb5 {[%emt 0:00:08]} Nxf2 {[%emt 0:01:02]} 64. Kxb6 {[%emt 0:00:25]} Kxc4 {[%emt 0:00:02]} 65. a4 {[%emt 0:00:25]} Nd3 {[%emt 0:01:18]} 66. a5 {[%emt 0:00:07]} Nb4 {[%emt 0:00:11]} 67. Rg4 {[%emt 0:01:10]} Kd4 {[%emt 0:00:51]} 68. Kb5 {[%emt 0:00:28]} Nd5 {[%emt 0:00:08]} 69. Rxe4+ {[%emt 0:00:40]} Kxe4 {[%emt 0:00:02]} 70. Kc5 {[%emt 0:00:05]} Ke5 {[%emt 0:00:58]} 71. a6 {[%emt 0:00:12]} Nc7 {[%emt 0:00:27]} 72. a7 {[%emt 0:00:06]} Na8 {[%emt 0:00:14]} 1/2-1/2